Výchova prvkov kolektivizmu v tvorivých hrách

Bibliographic Details
Main Author: Konečná, Aurélia (Author)
Format: Article
Language:Slovak

MARC

LEADER 00000nab a2200000uu 4500
001 vtls011436933
003 SK-MaSNL
005 20260303145532.0
008 230222|1961 xo |||||||||||||||||slo|
015 |a SNBRB 
035 |a (urnnbn)urn:nbn:sk:snk:ar-002gtk 
035 |a (uuid)bf459fc4-d077-42aa-aa16-fd59ca50396d 
035 |a urn:nbn:sk:snk-abcc7g 
040 |a SNKBUCL  |b slo  |c SNKBUCL  |e AACR2 
041 0 |a slo 
044 |a xo  |c SK 
100 1 |a Konečná, Aurélia  |4 aut  |9 1133074 
245 1 0 |a Výchova prvkov kolektivizmu v tvorivých hrách  |c Aurélia Konečná 
773 0 |t Predškolská výchova : pedagogický časopis pre učiteľky materských škôl  |g Roč. 15, č. 3 (1961), s. 75-77 
954 |a odborná, vedecká literatúra pôvodná (slovenská)  |2 lita 
958 |a OND 
958 |a EUIPO 
958 |a article16 
999 |c 2003706  |d 2005636